00858nam a2200217Ii 45000010005000000030009000050080041000140400033000550410008000880820013000961000038001092450076001472640117002233000012003403360026003523370028003783380027004069400050004339990017004839520140005008137CO-ViMGA241108s9999||||xx |||||||||||||| ||und|| aCO-ViMGAbspaerdacCO-ViMGA0 aunk04a144-S2221 aJosé Manuel Rivas Saconi95556710a latin en Colombia :bbosquejo histórico del munanismo Colombiano 1a[Lugar de publicación no identificado] : [Editorial no identificada], [Fecha de publicación no identificada] avolumen atextbtxt2rdacontent aunmediatedbn2rdamedia avolumebnc2rdacarrier aidficha_siabuc: 7956. -- ficha_no_siabuc:8137 c53167d53167 001040708001aMEVIGERRbMEVIGERRcGENd2006-11-27hVol.1o144-S222pECA8281r2024-11-26 10:09:48tEj.1w2024-11-26yBKz7956 | 11124